Из Ветхого Завета (Запись № 10541850)

Подробности
000 -МАРКЕР
контрольное поле 04921ncm0a22004811 4500
001 - ИДЕНТИФИКАТОР ЗАПИСИ
контрольное поле RU\NLR\ONIZ\198419
005 - ИДЕНТИФИКАТОР ВЕРСИИ
контрольное поле 20250624194809.0
035 ## - ДРУГИЕ СИСТЕМНЫЕ НОМЕРА
Идентификатор записи RU\NLR\ONIZ\NATA\5000006009\20140619142432
035 ## - ДРУГИЕ СИСТЕМНЫЕ НОМЕРА
Идентификатор записи (NLR Aleph) 010889029
071 20 - ИЗДАТЕЛЬСКИЙ НОМЕР
Номер, присвоенный агентством с 2711 к
100 ## - ДАННЫЕ ОБЩЕЙ ОБРАБОТКИ
Данные общей обработки 20140619d1999 |||y0rusy50 ca
101 0# - ЯЗЫК РЕСУРСА
Язык текста, звукозаписи и т.д. английский
-- русский
102 ## - СТРАНА ПУБЛИКАЦИИ ИЛИ ПРОИЗВОДСТВА
Страна публикации Российская Федерация
125 ## - ПОЛЕ КОДИРОВАННЫХ ДАННЫХ: ЗВУКОЗАПИСИ И НОТНЫЕ ИЗДАНИЯ
Форма изложения нотного текста ax
145 0# - ПОЛЕ КОДИРОВАННЫХ ДАННЫХ: СРЕДСТВО ИСПОЛНЕНИЯ МУЗЫКАЛЬНОГО ПРОИЗВЕДЕНИЯ (УСТАРЕВШЕЕ)
Тип средства исполнения c
200 1# - ЗАГЛАВИЕ И СВЕДЕНИЯ ОБ ОТВЕТСТВЕННОСТИ
Основное заглавие Из Ветхого Завета
Общее обозначение материала Ноты
Параллельное заглавие From The Old Testament
Первые сведения об ответственности С. Слонимский
Язык параллельного заглавия английский
208 ## - ОБЛАСТЬ СПЕЦИФИЧЕСКИХ СВЕДЕНИЙ: НОТНЫЕ ИЗДАНИЯ
Форма изложения нотного текста Партитура
Параллельные сведения о форме изложения нотного текста Score
210 ## - ПУБЛИКАЦИЯ, РАСПРОСТРАНЕНИЕ И ДР.
Место издания, распространения и т.д. Санкт-Петербург
Имя издателя, распространителя и т. д. Композитор - Санкт-Петербург
Дата издания, распространения и т.д. cop. 1999
215 ## - ФИЗИЧЕСКАЯ ХАРАКТЕРИСТИКА
Специфическое обозначение материала и объем 75 с.
Размеры 29 см
313 ## - ПРИМЕЧАНИЯ, ОТНОСЯЩИЕСЯ К ТЕМАТИЧЕСКОМУ ДОСТУПУ
Текст примечания Систематизация документа проведена по изданию - Методика классифицирования музыкальных произведений (нотных изданий) по таблицам Библиотечно-библиографических классификаций : метод. рекомендации / Гос. б-ка СССР им. В.И. Ленина.- М., 1977. Индексу ББК методических рекомендаций присваивается код ББК для научных библиотек - LBC/SL
327 1# - ПРИМЕЧАНИЯ О СОДЕРЖАНИИ
Текст примечания Псалмы Давида : монологи : для высокого голоса, гобоя, валторны и арфы : 1968 (1. Разговор с душой : "Как лань стремится к потокам вод..." ;
-- 2. Господи, не в гневе твоем...) / композиция текстов Я. Друскина ;
-- Песнь песней Соломона : лир. фрагмент : для сопрано, тенора, камер. хора, гобоя, валторны и арфы : 1975 / пер. И. Дьяконова
464 #0 - АНАЛИТИЧЕСКИЙ УРОВЕНЬ
Встроенное поле 2001#$aГосподи, не в гневе твоем...
-- 215##$aС.12-48
Заглавие Господи, не в гневе твоем...
464 #0 - АНАЛИТИЧЕСКИЙ УРОВЕНЬ
Встроенное поле 2001#$aПеснь песней Соломона$eлир. фрагмент$eдля сопрано, тенора, камер. хора, гобоя, валторны и арфы$e1975$fпер. И. Дьяконова
-- 215##$aС.49-75
-- 600#0$aСоломон$fцарствовал в 965-928 до н. э.$cцарь евр.$xМузыкальные интерпретации$xНоты$2nlr_sh$7ba
-- 605##$aБиблия. Персонажи$xМузыкальные интерпретации$xНоты$2nlr_sh
-- 686##$aЩ963(2Р=Р)ПНн$vLBC/SL$2rubbk
-- 702#1$9z01790$aДьяконов$bИ. М.$gИгорь Михайлович$f1914-1999$4730
-- 790#1$9z01702$aD`yakonov$bI. M.$gIgor Mixajlovich$f1914-1999$4730
Заглавие Песнь песней Соломона
464 #0 - АНАЛИТИЧЕСКИЙ УРОВЕНЬ
Встроенное поле 2001#$aПсалмы Давида$eмонологи$eдля высокого голоса, гобоя, валторны и арфы$e1968$fкомпозиция текстов Я. Друскина
-- 205##$aФакс. изд.
-- 215##$aС.1-48
-- 600#0$aДавид$fок. 1005-965 до н. э.$cцарь Израиля$xМузыкальные интерпретации$2nlr_sh$7ba
-- 605##$aБиблия. Персонажи$xМузыкальные интерпретации$xНоты$2nlr_sh
-- 608##$aВокальный цикл$xНоты$yРоссия$z20-21 вв.$2nlr_sh
-- 686##$aЩ943.1-2-043.2(2Р=Р)ПНн$vLBC/SL$2rubbk
-- 702#1$9z01790$aДрускин$bЯ. С.$gЯков Семёнович$f1901-1980$4220$4520
-- 790#1$9z01702$aDruskin$bY. S.$gYakov Semyonovich$f1901-1980$4220$4520
Заглавие Псалмы Давида
464 #0 - АНАЛИТИЧЕСКИЙ УРОВЕНЬ
Встроенное поле 2001#$aРазговор с душой$e"Как лань стремится к потокам вод..."
-- 215##$aС.1-11
Заглавие Разговор с душой
605 ## - ЗАГЛАВИЕ КАК ПРЕДМЕТ
Начальный элемент ввода Библия
Тематический подзаголовок Музыкальные интерпретации
-- Ноты
Наименование части Ветхий Завет
-- Песнь песней
Код системы nlr_sh
605 ## - ЗАГЛАВИЕ КАК ПРЕДМЕТ
Начальный элемент ввода Библия
Тематический подзаголовок Музыкальные интерпретации
-- Ноты
Наименование части Ветхий Завет
-- Псалтырь
Код системы nlr_sh
605 ## - ЗАГЛАВИЕ КАК ПРЕДМЕТ
Начальный элемент ввода Библия
Тематический подзаголовок Персонажи
Код системы nlr_sh1
605 ## - ЗАГЛАВИЕ КАК ПРЕДМЕТ
Начальный элемент ввода Библия. Ветхий Завет
Тематический подзаголовок Музыкальные интерпретации
-- Ноты
Код системы nlr_sh
606 1# - НАИМЕНОВАНИЕ ТЕМЫ КАК ПРЕДМЕТ
Наименование темы Вокально-симфоническая музыка
Тематический подзаголовок Партитуры
Географический подзаголовок Россия
Хронологический подзаголовок 20 век
Код системы nlr_sh
686 ## - ИНДЕКСЫ ДРУГИХ КЛАССИФИКАЦИЙ
Индекс Щ94-2я44(2Р=Р)ПНн
Издание LBC/SL
Код системы
686 ## - ИНДЕКСЫ ДРУГИХ КЛАССИФИКАЦИЙ
Индекс Щ96я44(2Р=Р)ПНн
Издание LBC/SL
Код системы
700 #1 - ИМЯ ЛИЦА - ПЕРВИЧНАЯ ОТВЕТСТВЕННОСТЬ
Код отношения Композитор
Графика поля Кириллица
Материалы, к которым относится поле rus
Начальный элемент ввода Слонимский
Часть имени, кроме начального элемента ввода С. М.
Даты 1932-2020
Расширение инициалов личного имени Сергей Михайлович
Системный номер авторитетной/нормативной записи 269629
Идентификатор авторитетной/нормативной записи RU\NLR\AUTH\770269685
790 #1 - ИМЯ ЛИЦА - АЛЬТЕРНАТИВНАЯ ФОРМА
Системный номер авторитетной/нормативной записи z01700
Начальный элемент ввода Slonimskij
Часть имени, кроме начального элемента ввода S. M.
Даты 1932-
Расширение инициалов личного имени Sergej Mihajlovich
Код отношения Композитор
801 #0 - ИСТОЧНИК ЗАПИСИ
Страна Российская Федерация
Организация NLR
Дата составления 20140619
Правила каталогизации PSBO
801 #1 - ИСТОЧНИК ЗАПИСИ
Страна Российская Федерация
Организация NLR
Дата составления 20140619
Источник данных rusmarc
801 #2 - ИСТОЧНИК ЗАПИСИ
Страна Российская Федерация
Организация NLR
Дата составления 20151109
852 ## - МЕСТОНАХОЖДЕНИЕ И ШИФР ХРАНЕНИЯ
Идентификатор организации NLR
Наименование фонда или коллекции (Sub-Location Identifier) М
Шифр хранения (Call Number) К-3/26336
Страна
Номер экземпляра 1
942 ## - ДОПОЛНИТЕЛЬНЫЕ ЭЛЕМЕНТЫ ЗАПИСИ (АБИС)
Тип экземпляра АБИС Ноты
980 ## - КОЛЛЕКЦИЯ
Название коллекции Национальная библиография
980 ## - КОЛЛЕКЦИЯ
Название коллекции Отдел нот и звукозаписей
Экземпляры
Тип экземпляра Дата поступления Библиотека постоянного хранения Библиотека текущего хранения Место хранения Шифр хранения Статус экземпляра
Ноты 19.06.2014 РНБ (Московский) РНБ (Московский) Фонд нот и звукозаписей К-3/26336 К-3/26336